Airport photo quiz - Statistics

General Stats
  • This quiz has been taken 13 times
  • The average score is 7 of 16
Answer Stats
Picture Hint Answer % Correct
Auckland
86%
Frankfurt
86%
Sydney
86%
Melbourne
71%
Chicago
57%
Hong Kong
57%
London
57%
Los Angeles
57%
Bangkok
43%
Miami
29%
Bandar Seri Begawan
14%
Cairns
14%
Koh Samui
14%
Country Malta
14%
Napier
14%
Nassau
14%
No matching quizzes found
Score Distribution
Percent of People with Each Score
Percentile by Number Answered
Your Score History
You have not taken this quiz